Reforma gospodarcza a realizacja celów spolecznych.
Vzťahy medzi princípmi ekonomickej reformy a sociálnej politiky. Úvodné poznámky. Problém zvláštneho podielu miezd na národnom dôchodku. Sociálne dávky a rozpočtové dotácie pre individuálnu spotrebu a služby. Spoločenské aspekty zúročenia výrobných zásob. Zákonitá zvislá štruktúra miezd a pružná byt...
Uložené v:
| Hlavný autor: | |
|---|---|
| Médium: | Kapitola |
| Jazyk: | Polish |
| Predmet: | |
| Tagy: |
Žiadne tagy, Buďte prvý, kto otaguje tento záznam!
|
MARC
| LEADER | 00000naa a2200000 4500 | ||
|---|---|---|---|
| 001 | r002957 | ||
| 005 | 20220819194608.8 | ||
| 041 | 0 | |a pol | |
| 044 | |a PL | ||
| 245 | 1 | 0 | |a Reforma gospodarcza a realizacja celów spolecznych. |c T. Przeciszewski |
| 520 | |a Vzťahy medzi princípmi ekonomickej reformy a sociálnej politiky. Úvodné poznámky. Problém zvláštneho podielu miezd na národnom dôchodku. Sociálne dávky a rozpočtové dotácie pre individuálnu spotrebu a služby. Spoločenské aspekty zúročenia výrobných zásob. Zákonitá zvislá štruktúra miezd a pružná bytová politika. Funkčná koncepcia sociálnej politiky. | ||
| 610 | 2 | 0 | |a reformy hospodárske |
| 610 | 2 | 0 | |a politika sociálna |
| 610 | 2 | 0 | |a mzdy |
| 610 | 2 | 0 | |a dôchodok národný |
| 610 | 2 | 0 | |a zásoby výrobné |
| 610 | 2 | 0 | |a byty |
| 610 | 2 | 0 | |a príspevky sociálne |
| 610 | 2 | 0 | |a dotácie |
| 610 | 2 | 0 | |a služby |
| 610 | 2 | 0 | |a spotreba individuálna |
| 100 | 1 | |a Przeciszewski, T. | |